000 00976nam a22003017a 4500
001 4946022
003 OSt
005 20210420071947.0
008 960814s1997 maua b 001 0 eng
010 _a 96042192
020 _a067488468X
040 _aeng
_cDLC
_deng
041 _aeng
050 0 0 _aQH307.2
_b.M39 1997
080 _a57
_bM-43
082 0 0 _a574
_220
100 1 _aMayr, Ernst,
_d1904-2005.
245 1 0 _aThis is biology :
_bthe science of the living world /
_cErnst Mayr.
260 _aCambridge, Mass. :
_bBelknap Press of Harvard University Press,
_c1997.
300 _axv, 327 p. :
_bill. ;
_c24 cm.
365 _b29.95 usd
504 _aIncludes bibliographical references (p. [293]-304) and index.
650 0 _aBiology.
653 _aბიოლოგია
906 _a7
_bcbc
_corignew
_d1
_eocip
_f19
_gy-gencatlg
942 _2udc
_cBK
999 _c511
_d511